Regional report (Record no. 79542)

MARC details
000 -LEADER
fixed length control field 00966cab a22002055a 4500
001 - CONTROL NUMBER
control field L141610
008 - FIXED-LENGTH DATA ELEMENTS--GENERAL INFORMATION
fixed length control field 071205e20071116xxkad f s 000 0 eng d
035 ## - SYSTEM CONTROL NUMBER
System control number (Sirsi) u141610
041 0# - LANGUAGE CODE
Language code of text/sound track or separate title eng
100 1# - MAIN ENTRY--PERSONAL NAME
Personal name Heap, Richard
245 00 - TITLE STATEMENT
Title Regional report
Remainder of title West End
260 ## - PUBLICATION, DISTRIBUTION, ETC.
Date of publication, distribution, etc. 2006
490 #0 - SERIES STATEMENT
Series statement Property Week
Volume/sequential designation 72(46) 16 November 2007, 91-110(10)
520 ## - SUMMARY, ETC.
Summary, etc. Reports on news and deals from the local market. Discusses how West End office rents and yields are likely to perform in the first two quarters of 2008 as the credit crunch continues. Reports on plans to turn Mount Street, Mayfair into a society spot. Discusses the New West End Company development plans. Reports on Westminster Property Owners Association concerns about renewable energy targets and the development of the West End until 2025.
590 ## - LOCAL NOTE (RLIN)
Local note KA
651 #4 - SUBJECT ADDED ENTRY--GEOGRAPHIC NAME
Geographic name London
690 ## - LOCAL SUBJECT ADDED ENTRY--TOPICAL TERM (OCLC, RLIN)
Topical term or geographic name as entry element PROPERTY-COMMERCIAL PROPERTY-COMMERCIAL PROPERTY MARKET
700 1# - ADDED ENTRY--PERSONAL NAME
Personal name Chesters, Laura
942 ## - ADDED ENTRY ELEMENTS (KOHA)
Suppress in OPAC 0
Holdings
Withdrawn status Lost status Source of classification or shelving scheme Damaged status Not for loan Home library Current library Shelving location Date acquired Total Checkouts Full call number Barcode Date last seen Copy number Price effective from Koha item type
    Dewey Decimal Classification     London London Journal article 05/12/2007   L141610 141610-1001 06/08/2019 1 06/08/2019 Journal article